MDQL
is popping MORE tags! Check the
thread
!
Quizzes
Events
Quiz Creation
Community
Videos
Private Events
Remove Ads
Sign In
Join for FREE
Feedback
Dark Mode
Quiz Categories
Sports
Geography
Music
Movies
Television
Just For Fun
Miscellaneous
History
Literature
Language
Science
Gaming
Entertainment
Religion
Holiday
For Kids
Quiz Lab
Recent
Popular Today
Quiz Kudos Today
Editor Picks
Curator Picks
Quizzes by...
Day
Popularity
Type
Ratings
Length
Year
Community
Subscriptions
Recent Discussions
Orange Saloon
Badges
Playlists
Quests
Create
Leaderboards
Showdown
Live 5
Trivia Bingo
Activity
Puzzle Library
Sporcle Events
Private Events
Virtual Trivia
Globe League
Become a Host
Pub Owners
SporcleCon
Opinionation
Our Games
Videos
Blog
Mobile Apps
Partnerships
Remove Ads and Go Orange
Feedback
Entertainment
Celebrity
Famous
Musical
Broadway
Show
Quote
Comic Books
Anime
Superhero
DC Comics
Marvel
Cartoons
Animation
Entertainment
Celebrity
Famous
Musical
Broadway
Show
Quote
Comic Books
Anime
Superhero
DC Comics
Marvel
Cartoons
Animation
Random Quiz
Search Sporcle
×
Quiz Lab
Quiz Lab
Entertainment
Piccadilly
Type in answers that appear in a list
Type in answers that appear in a list
Classic
Best Score? Go Orange.
Piccadilly Line Stations Stats
Can you name the London Underground stations on the Piccadilly Line?
By
MichaelWilson
7m
53 Questions
2,653 Plays
2,653 Plays
2,653 Plays
Comments
Comments
Give Quiz Kudos
Give Quiz Kudos
-
- Ratings
hide this ad
Replay
Link that replays current quiz
Next Quiz
Link to next quiz in quiz playlist
You Got
0%
They Got
Avg Score
73%
Avg Friend Score
Upgrade to see
Score Distribution
Jump to the score distribution portion of the page
Score
0/53
Timer
07:00
0
Plays Today
Station
% Correct
Cockfoster's
91.1%
Piccadilly Circus
89.4%
Uxbridge
89.1%
Leicester Square
89.1%
King's Cross St. Pancras
88%
Covent Garden
87.1%
Heathrow Terminal 5
86.1%
Heathrow Terminal 4
86%
Holborn
85.3%
Green Park
85%
South Kensington
85%
Knightsbridge
84%
Earl's Court
83.9%
Hyde Park Corner
83.1%
Arsenal
80.5%
Hammersmith
79.6%
Russell Square
78.9%
Heathrow Terminals 1,2, 3
78.6%
Barons Court
77.8%
Arnos Grove
77.7%
Caledonian Road
76.4%
Finsbury Park
75.9%
Acton Town
75.9%
Gloucester Road
74.4%
Hounslow West
74.4%
Hounslow East
74.2%
Hounslow Central
73.8%
Station
% Correct
Ruislip
72.2%
Hatton Cross
72%
Southgate
71.6%
Holloway Road
71.3%
Oakwood
70.3%
Rayners Lane
69.2%
Turnham Green
68.6%
Wood Green
67.3%
Osterley
67.2%
Hillingdon
67.2%
Manor House
67%
Turnpike Lane
66.3%
South Ealing
66.3%
Bounds Green
65.4%
Ickenham
65.2%
Ealing Common
63.2%
Northfields
62.7%
Ruislip Manor
62.7%
North Ealing
61.1%
Boston Manor
59.6%
Sudbury Town
59.6%
Park Royal
59%
Sudbury Hill
58.6%
Alperton
57.5%
South Harrow
57.3%
Eastcote
57.1%
Quiz Playlist
Details
Report
Send in Message
Add To Playlist
Classic:
Type in answers that appear in a list
Quiz Source
Last Updated: Feb 16, 2017
Quiz Scoreboard
CHALLENGE
Sign Up to Join the Scoreboard
Show All
Scores
Hide
Comments
May contain spoilers
Recently Published
Image Sorting: Flags VI
by Barbecue
Geography
2m
Find the 'City' Movie
by crazypaving
Movies
60s
Colored Red Africa Blitz
by spor1
Geography
45s
More to Explore
Quiz From the Vault
Featured Blog Post
14 Easter Pick-up Lines to Find Eggs With
hide this ad
You Might Also Like...
Tags
London
London Underground
Piccadilly
Piccadilly Line
station
Underground
Today's Top Quizzes in Entertainment
Browse Entertainment
hide this ad
Top Contributed Quizzes in Entertainment
1
Marvel Classic Character Map
2
Dragon Ball Z: Goku's Fights in Order
3
Marvel Characters Bunker
4
JoJo's Bizarre Logic Quiz
5
Harry Styles-Are you no.1 fan
6
Sorting Pictures: Villains
7
This is Your Life: Edward Elric
8
Celebrity Spelling Bee
9
This is Your Life: Itachi Uchiha
10
BOYS PLANET Quiz
Explore More
Trending Topics
Kpop
Disney
NBA
Anime
Crossword
Harry Potter
Marvel
Pokémon
Country
The Office
Puzzle
WWE
Soccer
Song
NFL
hide this ad
More By:
MichaelWilson
Quiz
Plays
Rating
Category
Featured
Created
Five D's of Dodgeball
224,104
4.04
Movies
Oct 1, 2009
The Clash Albums
6,672
4.69
Music
Sep 30, 2009
Piccadilly Line Stations
2,653
5.00
Entertainment
Oct 20, 2009
NFL 1990s All Decade Team
1,600
4.20
Sports
Sep 29, 2009
Rocky
1,306
3.25
Movies
Sep 28, 2009
Go to Creator's Profile
Score Distribution
Quiz Creator Spotlight
MichaelWilson
Follow
Send a Message
Quizzes Created
-
Created Quiz Play Count
-
More By This Creator
Popular Quizzes Today
1
Colored Red Africa Blitz
2
Find the US States - No Outlines Minefield
3
Find the 'City' Movie
4
5x2 Blitz: Bands
5
The Countries of the World
6
Find the US States
7
Find the Countries of Europe - No Outlines Minefield
8
US States
More Entertainment Quizzes
Mystery DC Character Slideshow
Editor's Pick
Trending Quizzes
Colored Red Europe Blitz I
Colored Red Europe Blitz II
Colored Red Africa Blitz II
Colored Red Europe Blitz III
Colored Red Africa Blitz III
Recently Updated
How Do You Spell That?
pecheneg
Godzilla Movies
pecheneg
Grab Bag: 4-10 Letters
pecheneg
2024 March Madness Bracket
pecheneg
Famous TV Couples
Peacemaker
Champions League XIs: Real Madrid
pecheneg
Largest US Cities 1790-2010
pecheneg
Rides in Walt Disney World
pecheneg
Most Oscar Losses (Acting)
pecheneg
Beyoncé Albums
pecheneg
Trending Topics
Marvel
Disney
NBA
Crossword
Harry Potter
Anime
Kpop
Song
The Office
Pokémon
Soccer
Puzzle
NFL
Country
WWE
Your Account Isn't Verified!
In order to create a playlist on Sporcle, you need to verify the email address you used during registration. Go to your
Sporcle Settings
to finish the process.
Report this User
Report this user for behavior that violates our
Community Guidelines
.
Details:
Send Report
Go to the Sporcle.com Mobile Site →
Comments